Geography Multiple Choice #3 - Statistics

General Stats
  • This quiz has been taken 41 times
  • The average score is 11 of 15
Answer Stats
Question Answer % Correct
How many countries are there in the United Kingdom? 4
97%
The Lord of The Rings trilogy was filmed in what country? New Zealand
90%
What is the capital of Senegal? Dakar
87%
What season does Australia experience in December? Summer
87%
Peking Duck is the national dish of what country? China
85%
What country does the Rhine River run through? Germany
82%
Which of these US states DO NOT share a border with Mexico? South Dakota
82%
Which country is home to the most volcanoes? Indonesia
72%
In what ocean is the Bermuda Triangle located? Atlantic Ocean
67%
What Cape sits at the tip of Africa? Cape of Good Hope
67%
What two countries border directly north of Hungary? Ukraine and Slovakia
64%
What is the name of the driest continent on Earth? Antartica
62%
How many time zones does Russia have? 11
54%
How many US states share a border with Canada? 13
36%
How many stars are on the Australian flag? 6
36%
No matching quizzes found
Score Distribution
Percent of People with Each Score
Percentile by Number Answered
Your Score History
You have not taken this quiz